000
00323nam a22001457a 4500
008
230613b ||||| |||| 00| 0 eng d
020
_a
9780763718565
041
_a
eng
080
_2
FOURTH EDITION
_a
61
082
_a
61WAR
100
_a
5
101
_a
MJKP
245
_a
VARNEY'S MIDWIFERY
_c
WARNEY.H
942
_2
udc
_c
BK
999
_c
59950
_d
59950